000 00552cam a22002171 4500
001 sa 64008754
003 DLC
005 20260227112056.0
008 900111s1964 ii d 000 0 engo
010 _asa 64008754
035 _a(OCoLC)20876510
040 _aDLC
_cWaU
_dDLC
041 0 _aenghin
042 _apremarc
050 0 0 _aPK1936
_b.S53
100 1 _aSingh, Ram Murti,
_d1913-
245 1 0 _aSāmānya Aṅgrezī-Hindī śabdakośa.
260 _c[1964]
300 _a368 p.
_c23 cm.
650 0 _aEnglish language
_xDictionaries
_xHindi.
999 _c61017
_d61017